ბათუმის შოთა რუსთაველის სახელმწიფო უნივერსიტეტის ბიბლიოთეკა

Межпредметные связи при изучении литературы в школе (ბიბ.ჩანაწერი № 35664)

000 -LEADER
fixed length control field 00658nam a2200217Ia 4500
001 - CONTROL NUMBER
control field 1537
003 - CONTROL NUMBER IDENTIFIER
control field GE_BSU
008 - FIXED-LENGTH DATA ELEMENTS--GENERAL INFORMATION
fixed length control field 181216s||||||||xx |||||||||||||| ||und||
020 ## - INTERNATIONAL STANDARD BOOK NUMBER
International Standard Book Number 5090026017
040 ## - CATALOGING SOURCE
Transcribing agency GE_BSU
080 ## - UNIVERSAL DECIMAL CLASSIFICATION NUMBER
Universal Decimal Classification number 821.161.1(072)
245 ## - TITLE STATEMENT
Title Межпредметные связи при изучении литературы в школе
245 ## - TITLE STATEMENT
Statement of responsibility, etc. Под ред.Е.Н. Колокольцева
260 ## - PUBLICATION, DISTRIBUTION, ETC.
Place of publication, distribution, etc. Москва
260 ## - PUBLICATION, DISTRIBUTION, ETC.
Name of publisher, distributor, etc. ,,Просвещение
260 ## - PUBLICATION, DISTRIBUTION, ETC.
Date of publication, distribution, etc. 1990
300 ## - PHYSICAL DESCRIPTION
Extent 224стр.
653 ## - INDEX TERM--UNCONTROLLED
Uncontrolled term Межпредметные связи при изучении литературы
942 ## - ADDED ENTRY ELEMENTS (KOHA)
Koha item type წიგნი
ეგზემპლარები
Withdrawn status Lost status Damaged status Not for loan Date acquired Barcode Date last seen Price effective from Koha item type
        2018-12-17 1703 2018-12-17 2018-12-17 წიგნი